موسوعة العدالة فى أحكام النقض الجنائى فى عشر سنوات من 1997 - 2007. (Record no. 73720)
[ view plain ]
| 000 -LEADER | |
|---|---|
| fixed length control field | 03716nam a2200325 i 4500 |
| 003 - CONTROL NUMBER IDENTIFIER | |
| control field | EG-GICUC |
| 005 - DATE AND TIME OF LATEST TRANSACTION | |
| control field | 20260427183818.0 |
| 008 - FIXED-LENGTH DATA ELEMENTS--GENERAL INFORMATION | |
| fixed length control field | 260427s2008 ua |||fr|||| 00| 0 ara d |
| 040 ## - CATALOGING SOURCE | |
| Original cataloging agency | EG-GICUC |
| Language of cataloging | ara |
| Transcribing agency | EG-GICUC |
| Modifying agency | EG-GICUC |
| Description conventions | rda |
| 041 0# - LANGUAGE CODE | |
| Language code of text/sound track or separate title | Ara |
| 082 04 - DEWEY DECIMAL CLASSIFICATION NUMBER | |
| Edition number | 21 |
| Classification number | 343.3807 |
| Item number | م ج . م |
| 092 04 - LOCALLY ASSIGNED DEWEY CALL NUMBER (OCLC) | |
| Edition number | 21 |
| 099 ## - LOCAL FREE-TEXT CALL NUMBER (OCLC) | |
| Classification number | Law1 10 343.3807 م ج . م 2008 |
| 100 0# - MAIN ENTRY--PERSONAL NAME | |
| Personal name | مجدى محمود محب حافظ |
| Relator term | مؤلف. |
| 245 10 - TITLE STATEMENT | |
| Title | موسوعة العدالة فى أحكام النقض الجنائى فى عشر سنوات من 1997 - 2007. |
| Number of part/section of a work | الجزء الثالث، |
| Name of part/section of a work | محكم و حيازة وخطا خطف وخلو رجل * خيانة أمانة * دخول عقار بقصد منع حيازته بالقوة * دخول منزل بقصد ارتكاب جريمة + دستور • دعارة • دعوى تاديبية - دعوى جنائية - قيود تحريكها * انقضاؤها بمضى المدة . عدم جواز نظر الدعوى السابقة الفصل فيها ، وقف السير فيها * دعوى مباشرة * دعوى مدنية - نظرها والحكم فيها و تركها و دفاتر تجارية * دفاع في الإخلال بحق الدفاع - ما يوفره و الإخلال بحق الدفاع - ما لا يوفره * دفوع * الدفع بنفي التهمة المدافع بتعذر الرؤية والدفع بتلفيق التهمة ، الدفع بشيوع التهمة - الدفع بطلان القبض و الدفع ببطلان التفتيش و الدفع ببطلان إذن التفتيش - الدفع بانقضاء الدعوى الجنائية بمضى المدة - الدفع ببطلان الإعتراف - الدفع بصدور اذن التفتيش بعد الضبط والدفع بعدم الاختصاص المكاني - الدفع بعدم اذان و از نظر الدعوى تسبق صدور أمر بألا وجه و الدفع بعدم الدستورية - الدفع بعدم قبول الدعوى الجنائية - الدفع بوقف الدعوى تعليقا * الدفع بسقوط حق بعد قيد الحق المدني في اختيار الطريق الجنائي و ذبح حيوانات * رابطة السببية - رد اعتبار - رشوة - رقابة إدارية ، زنا + سب وقذف - سبق إصرار : الرقة - سرقة بإكراه ، سكر ، سلاح و شركات توظيف الأموال • شروع + شهادة الزورة شهادة سلبية + شهادة مرضية و شيك بدون رصيد - صحافة ، صرف الخلافات و صلح + صيادلة - صيد و ضرائب * ضرب * ضرب بسيط . إحداث عامة : ضرب أفضى إلى موت + ضرر * طب - طرق عامة - طعن و ظروف مشددة ظروف مخففة و عقد مقاولة : عقوبة * إقتران - الإعفاء منها . العزل من / |
| Statement of responsibility, etc. | تأليف دكتور مجدى محمود محب حافظ. |
| 264 #1 - PRODUCTION, PUBLICATION, DISTRIBUTION, MANUFACTURE, AND COPYRIGHT NOTICE | |
| Place of production, publication, distribution, manufacture | القاهرة : |
| Name of producer, publisher, distributor, manufacturer | دار شادى، |
| -- | دار العدالة، |
| Date of production, publication, distribution, manufacture, or copyright notice | 2008. |
| 300 ## - PHYSICAL DESCRIPTION | |
| Extent | 1069 - 1585 ؛صفحة |
| Dimensions | 24 سم. |
| Other physical details | إيضاحيات، صور، مثيليات ؛ |
| 336 ## - CONTENT TYPE | |
| Source | rda content |
| Content type term | text |
| 337 ## - MEDIA TYPE | |
| Source | rda media |
| Media type term | Computer |
| 338 ## - CARRIER TYPE | |
| Source | rda carrier |
| Carrier type term | Online Resource |
| 504 ## - BIBLIOGRAPHY, ETC. NOTE | |
| Bibliography, etc. note | . 240-220 ببليوجرافيا: صفحات. |
| 505 ## - FORMATTED CONTENTS NOTE | |
| Formatted contents note | الجزء الثالث يحتوى من حرف الحاء إلى حرف العين |
| 546 ## - LANGUAGE NOTE | |
| Language note | النص باللغة العربية |
| 650 1# - SUBJECT ADDED ENTRY--TOPICAL TERM | |
| Topical term or geographic name entry element | الأحكام الجنائية |
| General subdivision | أحكام النقض |
| Source of heading or term | qrmak |
| 650 1# - SUBJECT ADDED ENTRY--TOPICAL TERM | |
| Topical term or geographic name entry element | القانون الجنائى |
| Source of heading or term | qrmak |
| 651 1# - SUBJECT ADDED ENTRY--GEOGRAPHIC NAME | |
| Source of heading or term | qrmak |
| 856 40 - ELECTRONIC LOCATION AND ACCESS | |
| Uniform Resource Identifier | <a href="https://fll.law.cu.edu.eg/fulltext/bks/B10-10695.pdf">https://fll.law.cu.edu.eg/fulltext/bks/B10-10695.pdf</a> |
| 905 ## - Cataloger and Reviser Names | |
| Cataloger Name: | Yasmin Sayed |
| 942 ## - ADDED ENTRY ELEMENTS (KOHA) | |
| Source of classification or shelving scheme | Dewey Decimal Classification |
| Koha item type | Books |
| Edition | 21 |
| Suppress in OPAC | No |
| Withdrawn status | Lost status | Source of classification or shelving scheme | Damaged status | Not for loan | Collection | Home library | Current library | Date acquired | Total checkouts | Full call number | Barcode | Date last seen | Copy number | Price effective from | Koha item type |
|---|---|---|---|---|---|---|---|---|---|---|---|---|---|---|---|
| Dewey Decimal Classification | Not for loan | القانون الجنائي | جــــامعة القــاهرة | مكتبة كلية الحقوق - المبنى الرئيسي | 27.04.2026 | Law1 10 343.3807 م ج . م 2008 1010695 V3, C1 | B10-10695 | 27.04.2026 | 1 | 27.04.2026 | Books |